000 00380nam a2200133Ia 4500
005 20260328101514.0
008 260328s9999||||xx |||||||||||||| ||und||
100 _aHudson, Jennifer
245 0 _aBaños Públicos :
_b Diseños Contemporáneos para Espacios comunitarios /
_cJennifer Hudson
260 _bParramón
300 _a192 p.
650 _aARQUITECTURA CIVIL
942 _cBK
999 _c9316
_d9316